Public service delivery in India : (Record no. 48990)

MARC details
000 -LEADER
fixed length control field 01087nam a22003137a 4500
005 - DATE AND TIME OF LATEST TRANSACTION
control field 20101206145019.0
008 - FIXED-LENGTH DATA ELEMENTS--GENERAL INFORMATION
fixed length control field 101206t xxu||||| |||| 00| 0 eng d
010 ## - LCCN (DPL NO)
LC control number ENG-101768
020 ## - INTERNATIONAL STANDARD BOOK NUMBER
International Standard Book Number 019806845x
Terms of availability 850.00
020 ## - INTERNATIONAL STANDARD BOOK NUMBER
International Standard Book Number 9780198068457
Terms of availability 850.00
035 ## - SYSTEM CONTROL NUMBER
System control number EN-85301
037 ## - SOURCE OF ACQUISITION
Source of stock number/acquisition DBAD/PUB
040 ## - CATALOGING SOURCE
Original cataloging agency DPL
Language of cataloging Eng
082 ## - DEWEY DECIMAL CLASSIFICATION NUMBER
Classification number 363.60954
245 ## - TITLE STATEMENT
Title Public service delivery in India :
Remainder of title understanding the reform process /
Statement of responsibility, etc edited by Vikram K. Chand
260 ## - PUBLICATION, DISTRIBUTION, ETC. (IMPRINT)
Place of publication, distribution, etc New Delhi
Name of publisher, distributor, etc Oxford University Press
Date of publication, distribution, etc 2010
270 ## - ADDRESS
Address YMCA Library Building, Jai Singh Road
City New Delhi
Postal code 110001
300 ## - PHYSICAL DESCRIPTION
Extent xi, 389p.
Dimensions 24 cm (Hb)
500 ## - GENERAL NOTE
General note Includes bibliographical references
650 ## - SUBJECT ADDED ENTRY--TOPICAL TERM
Topical term or geographic name as entry element Municipal services
9 (RLIN) 1374
650 ## - SUBJECT ADDED ENTRY--TOPICAL TERM
General subdivision India
9 (RLIN) 24614
650 ## - SUBJECT ADDED ENTRY--TOPICAL TERM
9 (RLIN) 1374
650 ## - SUBJECT ADDED ENTRY--TOPICAL TERM
9 (RLIN) 24615
700 ## - ADDED ENTRY--PERSONAL NAME
Personal name Chand, Vikram K.
9 (RLIN) 24616
700 ## - ADDED ENTRY--PERSONAL NAME
9 (RLIN) 24617
700 ## - ADDED ENTRY--PERSONAL NAME
9 (RLIN) 24618
942 ## - ADDED ENTRY ELEMENTS (KOHA)
Source of classification or shelving scheme Dewey Decimal Classification
Item type English Books
Classification part 363.60954
Call number suffix PUB
Holdings
Withdrawn status Lost status Source of classification or shelving scheme Damaged status Not for loan Collection code Home library Current library Date acquired Source of acquisition Cost, normal purchase price Total Checkouts Full call number Barcode Date last seen Copy number Cost, replacement price Koha item type
    Dewey Decimal Classification   Not For Loan Non-fiction D.B.Act.Division D.B.Act.Division 06/12/2010 DBAD/PUB 850.00   363.60954 PUB EN-85301 06/12/2010 1 850.00 English Books

© Delhi Public Library
Hit Counter
free hit counter